Statistics for Sports By Picture - B

Click here to take the quiz!

General Stats

  • This quiz has been taken 113 times
    (82 since last reset)
  • The average score is 9 of 15

Answer Stats

Answer% Correct
Basketball
93%
Usain Bolt
93%
David Beckham
79%
Badminton
72%
Backhand
71%
Breaststroke
67%
Baton
63%
Boston {Bruins}
60%
Bronze Medal
58%
Bobsleigh
40%
Bench
39%
Bunting
38%
Biathlon
35%
Bowls
32%
Bookmakers
18%

Score Distribution

Percentile by Number Answered

Percent of People with Each Score

Your Score History

You have not taken this quiz since the last reset